000 00758nam a22002177a 4500
999 _c4827
_d4827
003 AR-CdUCM
008 190311b ||||| |||| 00| 0 spa d
040 _aMUNICIPALIDAD PROVINCIAL DEL CUSCO
_cBIBLIOTECA MUNICIPAL DEL CUSCO
082 _a801 /
_bR47
100 _aReyes, Alfonso
_92307
245 _aAntología :
_bProsa-Teatro-Poesía /
260 _aMéxico :
_bFondo de cultura económica,
_c1963.
300 _a164 páginas ;
_c17 cm.
500 _aDonación familia Luis Nieto
505 _aContenido: Visión de Anahuac -- La cena -- Apolo o de la literatura -- De la lengua vulgar -- Ifigenia cruel -- Breve noticia...
650 _aTeatro
_944075
650 _aEnsayo
_9274
650 _aCuentos
_944076
942 _2ddc
_cLIBROS
945 _adavv